Zwingli

Uloženo v:
Podrobná bibliografie
Médium: Kniha
Jazyk:Undetermined
Vydáno: Geneve Labor et Fides 1947
Témata:
Tagy: Přidat tag
Žádné tagy, Buďte první, kdo otaguje tento záznam!
Thư viện lưu trữ: Trung tâm Học liệu Trường Đại học Cần Thơ
LEADER 00441nam a2200181Ia 4500
001 CTU_82517
008 210402s9999 xx 000 0 und d
082 |a 949.4 
082 |b Z98 
245 0 |a Zwingli 
245 0 |c Jaques Courvoisier 
260 |a Geneve 
260 |b Labor et Fides 
260 |c 1947 
650 |a History 
650 |z Switzerland 
904 |i Năm, QHieu 
980 |a Trung tâm Học liệu Trường Đại học Cần Thơ